000
00338nam a22001577a 4500
003
SGT
020
_a
1-59195-106-2
082
_a
615.1, D05L
100
_a
LACY, CHARLES, F
245
_a
DRUG INFORMATION HANDBOOK
250
_a
13TH
260
_a
NORTH AMERICA
_b
LEXI- COMP.
_c
2005
300
_a
1950
650
_a
DRUG
942
_2
ddc
_c
BK
999
_c
8145
_d
8145